Time Zones of Antarctica - Map Quiz - Statistics

General Stats
  • This quiz has been taken 744 times
  • The average score is 4 of 9
Answers on the Map
Answers color-coded by a green-red scale on the quiz's map according to % correct below.
 
Answer Stats
Answer % Correct
UTC+0:00
66%
UTC+3:00
52%
UTC+6:00
49%
UTC–3:00
48%
UTC–6:00
47%
UTC+8:00
47%
UTC+10:00
47%
UTC+7:00
46%
UTC+12:00/+13:00
45%
No matching quizzes found
Score Distribution
Percent of People with Each Score
Percentile by Number Answered
Your Score History
You have not taken this quiz